| 000 | 00634nam a22001937a 4500 | ||
|---|---|---|---|
| 005 | 20180702164149.0 | ||
| 010 | _aENG-123192 | ||
| 020 |
_a9789382630838 _c1095.00 |
||
| 035 | _aEN-106724 | ||
| 037 | _bDBAD/PUB | ||
| 082 | _a883.9209 | ||
| 100 | _aSingh, Krishna Kant | ||
| 245 |
_aEthos of cross-culturalism and the novels of Amitav Ghosh/ _cby Krishna Kant Singh |
||
| 260 |
_aJaipur _bAadi Publications _c2016 |
||
| 270 |
_aF-11, S.S. Tower, Dhamani Street, Chaura Rasta, _bJaipur _e302003 |
||
| 300 |
_a180p. _c22cm(Hb) |
||
| 500 | _ait include bibliography and index | ||
| 942 |
_2ddc _cEN _mSIN _h883.9209 |
||
| 999 |
_c152645 _d152645 |
||